000 002750000a22001090004500
090 _aAs
_bSeriadas
245 1 0 _aOrigen de las aves
_sdos escuelas
041 0 _aEspañol
100 1 _aCuadros, Tomás
_921617
942 _cARTICULO
773 1 _tBoletín SAO
_h16-17
_q69-74
_d1998
_g9
999 _c15747
_d15747